| 000 | 00892nam a2200241 i 4500 | ||
|---|---|---|---|
| 001 | 69914 | ||
| 003 | ES-MaACL | ||
| 005 | 20250223234433.0 | ||
| 007 | t| | ||
| 008 | 040713s1981 sp |||| | spa d | ||
| 020 | _a84-206-6105-8 | ||
| 100 | 1 |
_aGarcía Lorca, Federico, _d1898-1936 _954853 |
|
| 245 | 1 | 0 |
_aPrimeras canciones, seis poemas galegos _b; Poemas sueltos ; Colección de canciones populares antiguas / _cFederico García Lorca ; edición, introducción y notas, Mario Hernández. |
| 260 |
_aMadrid : _bAlianza, _c[1981] |
||
| 300 |
_a231 p. ; _c18 cm. |
||
| 490 | 1 |
_aObras de Federico García Lorca ; _v5 |
|
| 700 | 1 |
_aHernández, Mario, _d1945- _9151331 |
|
| 740 | 0 | 2 | _aPoemas sueltos. |
| 740 | 0 | 2 | _aColección de canciones populares antiguas. |
| 830 | 0 |
_aObras de Federico García Lorca ; _v5 _9183288 |
|
| 852 |
_aES-MaACL _jL-10905 |
||
| 999 |
_c69914 _d69914 |
||